| 000 | 00438nam a2200181Ia 4500 | ||
|---|---|---|---|
| 005 | 20250423095436.0 | ||
| 008 | 250422s9999 xx 000 0 und d | ||
| 020 | _a9780071285278 | ||
| 050 | _aHG 4026 .B73/ | ||
| 100 | _aBrealey, Richard A. | ||
| 245 | 0 | _aFundamentals of corporate finance | |
| 250 | _a6th ed. | ||
| 260 | _aBoston | ||
| 260 | _bMcGraw-Hill/Irwin | ||
| 260 | _c2009 | ||
| 650 | _acorporate finance | ||
| 942 | _cBK | ||
| 999 |
_c30289 _d30289 |
||